Tilastot visalle 6-kirjaimiset valtiot

Klikkaa tästä pelataksesi tätä visaa!

Yleistilastot

  • Tätä visaa on pelattu 576 kertaa
  • Keskiarvotulos 22 / 35

Vastaustilastot

MaanosaValtio% Oikein
EurooppaRanska
91%
EurooppaRuotsi
87%
AasiaJapani
80%
EurooppaTanska
79%
EurooppaLatvia
78%
EurooppaItalia
77%
Pohjois-AmerikkaKanada
76%
EurooppaVenäjä
76%
EurooppaBelgia
75%
OseaniaTuvalu
72%
AfrikkaEgypti
69%
Pohjois-AmerikkaPanama
68%
EurooppaTšekki
67%
AasiaTurkki
67%
EurooppaKosovo
66%
Etelä-AmerikkaGuyana
63%
EurooppaMonaco
63%
EurooppaSerbia
63%
EurooppaUnkari
62%
AfrikkaAngola
61%
AasiaIsrael
60%
Pohjois-AmerikkaBelize
58%
AfrikkaGambia
58%
AfrikkaSambia
58%
AasiaKypros
56%
Pohjois-AmerikkaBahama
55%
AasiaSyyria
55%
AasiaBhutan
54%
AasiaBrunei
52%
AfrikkaRuanda
52%
AasiaTaiwan
52%
AasiaKuwait
50%
AfrikkaUganda
48%
AfrikkaMalawi
47%
AfrikkaGuinea
46%

Tulosjakauma

Persentiili vastausten määrän mukaan

Jokaisen tuloksen saaneiden osuus

Tuloshistoriasi

Et ole pelannut tätä visaa